| 000 | 01838nam a22004577a 4500 | ||
|---|---|---|---|
| 001 | 000095446 | ||
| 003 | CHAP | ||
| 005 | 20220817044104.0 | ||
| 008 | 060320d2005 mx abd r 00110 spa d | ||
| 010 | _a91912 | ||
| 011 | _a92884 | ||
| 035 | _a103451 | ||
| 040 | _cCHAP | ||
| 090 | _aTesis | ||
| 100 | 1 |
_aSánchez López, Josafath. _9107655 |
|
| 245 | 1 | 0 |
_aCaracterización de los conflictos agrarios en la región de Los Chimalapas, sus repercusiones en la tenencia de la tierra, los intereses y relaciones de poder político y económico / _c/por Josafath Sánchez López. |
| 260 |
_aChapingo, Méx. : _bEl autor, _c2005. |
||
| 300 |
_a113 h. : _bilus. ; mapas ; cuadros. |
||
| 502 | _aTesis (Ing. Agr. Esp. en Sociología Rural) -- UACH. Departamento de Sociología Rural | ||
| 590 |
_aALEPH _b10 _c20130110 _lUCH01 _h1510 |
||
| 590 |
_aBATCH-UPD _b10 _c20130110 _lUCH01 _h0355 |
||
| 590 |
_aBATCH-UPD _b10 _c20130110 _lUCH01 _h1930 |
||
| 590 |
_aBATCH-UPD _b10 _c20130410 _lUCH01 _h0028 |
||
| 590 |
_aBATCH-UPD _b10 _c20130914 _lUCH01 _h0829 |
||
| 590 |
_aBATCH-UPD _b10 _c20140324 _lUCH01 _h1455 |
||
| 590 |
_aBATCH-UPD _b10 _c20141002 _lUCH01 _h0829 |
||
| 590 |
_aCONVERSION _b10 _c20130109 _lUCH01 _h1351 |
||
| 590 |
_aE12093SGE _b10 _c20130709 _lUCH01 _h1307 |
||
| 650 | 1 | 4 |
_aAgricultura _xAspectos económicos. |
| 650 | 1 | 4 |
_aCampesinado _zOaxaca. _918056 |
| 650 | 1 | 4 |
_aOaxaca _xCondiciones rurales. _982477 |
| 650 | 1 | 4 |
_aPolítica agrícola _zOaxaca. _990388 |
| 650 | 1 | 4 |
_aTierras _xTenencia _xOaxaca. _9113188 |
| 856 |
_3Finding aid _uhttp://10.13.5.2/tesis/103451.pdf _zTeclea aquí |
||
| 901 | _aBK | ||
| 905 | _aMarco A. Mendoza T. | ||
| 942 | _cFOLL | ||
| 942 | _n0 | ||
| 949 |
_aTesis _bBC _cTES _d00000001034511 _eTS1 _gDonaciØn _h44939 _i103451 _sb |
||
| 949 |
_aTesis _bBC _cTES _d33724000980538 _eTS2 _fc.2 _gDonaciØn _h44940 _i103451 _sb |
||
| 999 |
_c91912 _d91912 |
||